| 000 | 01551cad a22002415a 4500 | ||
|---|---|---|---|
| 001 | L150961 | ||
| 008 | 100916s2010 xxk f 000 0 eng d | ||
| 020 | _a9781409822608 | ||
| 035 | _a(Sirsi) u150961 | ||
| 041 | 0 | _aeng | |
| 050 | 0 | 4 | _a306 $2 18 |
| 110 | 2 |
_aUnited Kingdom _bDepartment for Communities and Local Government _94939 |
|
| 245 | 0 | 2 |
_aA cost benefit analysis of options to reduce the risk of fire and rescue in areas of new build homes _h[electronic resource] |
| 260 |
_aLondon _bQueen's Printer and Controller of Her Majesty's Stationery office _c2010 |
||
| 490 | 0 | _aFire Research Series 1/2010 | |
| 505 | 2 | _aExecutive summary -- Introduction -- Development in the Thames Gateway and its implications for the Fire and Rescue Services -- Methodological framework -- Cost and effectiveness assumptions -- Cost benefit analysis results -- Sensitivity and scenario analysis -- Summary of findings and conclusions -- Literature review -- Fire and Rescue Services in England -- Major Thames Gateway housing developments -- Summer 2008 workshop attendees -- References and data sources -- Tables | |
| 520 | _aThis report presents the findings from a CLG study into the costs and benefits of options to address the fire and community safety needs of areas of new build housing. | ||
| 590 | _aKA NTK | ||
| 651 | 4 |
_aEngland _y886- |
|
| 690 |
_aBuilding regulations _96224 |
||
| 856 | 4 | 8 |
_uhttps://www.communities.gov.uk/documents/fire/pdf/costbenefitfirenewbuild.pdf _zView the website free of charge at www.communities.gov.uk |
| 942 | _n0 | ||
| 999 |
_c111060 _d111060 |
||